| 000 | 00665nam a2200205 i 4500 | ||
|---|---|---|---|
| 001 | 40691 | ||
| 003 | ES-MaACL | ||
| 005 | 20230906160306.0 | ||
| 007 | t| | ||
| 008 | 030306s1972 sp ||||1| spa d | ||
| 080 | _a9(=924:464.2 Maqueda)"14" | ||
| 100 | 1 |
_aCarrete Parrondo, Carlos. _935709 |
|
| 245 | 1 | 3 |
_aLa conversión de la comunidad hebrea de Maqueda en el siglo XV / _cCarlos Carrete Parrondo. |
| 260 |
_a[Madrid] : _bInstituto Arias Montano, _c1972. |
||
| 300 |
_a7 p. ; _c24 cm. |
||
| 595 | _aSeparata de: Sefarad, v. 32 | ||
| 650 | 4 |
_aJudÃos- _zToledo (Provincia) _9174499 |
|
| 710 | 2 |
_aInstituto "Arias Montano" _94797 |
|
| 852 | 4 |
_aES-MaACL _j2084-F-32 |
|
| 999 |
_c40691 _d40691 |
||